Countries, Formally Quiz Stats

 Plays Quiz not verified by Sporcle

Support Sporcle.
Go Orange.
Score 0/193 Timer 15:00
0 Plays Today
Country, Informally Country, Formally % Correct
United StatesUnited States of America
71.7%
ChinaPeople's Republic of China
63%
BelgiumKingdom of Belgium
52.2%
United KingdomUnited Kingdom of Great Britain and Northern Ireland
52.2%
CongoRepublic of the Congo
50%
DenmarkKingdom of Denmark
50%
IndiaRepublic of India
50%
ArgentinaArgentine Republic
47.8%
CongoDemocratic Republic of the Congo
47.8%
AlbaniaRepublic of Albania
45.7%
AustraliaCommonwealth of Australia
45.7%
AustriaRepublic of Austria
45.7%
ArmeniaRepublic of Armenia
43.5%
BelarusRepublic of Belarus
43.5%
FranceFrench Republic
43.5%
ItalyItalian Republic
43.5%
AfghanistanIslamic Republic of Afghanistan
41.3%
AzerbaijanRepublic of Azerbaijan
41.3%
BarbadosBarbados
41.3%
BhutanKingdom of Bhutan
41.3%
Czech RepublicCzech Republic
41.3%
JapanJapan
41.3%
NetherlandsKingdom of the Netherlands
41.3%
NorwayKingdom of Norway
41.3%
AngolaRepublic of Angola
39.1%
Central African RepublicCentral African Republic
39.1%
IranIslamic Republic of Iran
39.1%
IrelandIreland
39.1%
SwedenKingdom of Sweden
39.1%
AndorraPrincipality of Andorra
37%
BeninRepublic of Benin
37%
BotswanaRepublic of Botswana
37%
BulgariaRepublic of Bulgaria
37%
CanadaCanada
37%
GuatemalaRepublic of Guatemala
37%
GuineaRepublic of Guinea
37%
HondurasRepublic of Honduras
37%
IndonesiaRepublic of Indonesia
37%
IraqRepublic of Iraq
37%
KenyaRepublic of Kenya
37%
KosovoRepublic of Kosovo
37%
PortugalPortuguese Republic
37%
SpainKingdom of Spain
37%
BahrainKingdom of Bahrain
34.8%
BelizeBelize
34.8%
ChileRepublic of Chile
34.8%
HaitiRepublic of Haiti
34.8%
HungaryRepublic of Hungary
34.8%
IcelandIceland
34.8%
KazakhstanRepublic of Kazakhstan
34.8%
LatviaRepublic of Latvia
34.8%
MexicoUnited Mexican States
34.8%
PolandRepublic of Poland
34.8%
Saudi ArabiaKingdom of Saudi Arabia
34.8%
South KoreaRepublic of Korea
34.8%
TaiwanRepublic of China
34.8%
United Arab EmiratesUnited Arab Emirates
34.8%
Antigua and BarbudaAntigua and Barbuda
32.6%
BurundiRepublic of Burundi
32.6%
ChadRepublic of Chad
32.6%
ColombiaRepublic of Colombia
32.6%
CroatiaRepublic of Croatia
32.6%
CubaRepublic of Cuba
32.6%
Dominican RepublicDominican Republic
32.6%
EcuadorRepublic of Ecuador
32.6%
Country, Informally Country, Formally % Correct
IsraelState of Israel
32.6%
KiribatiRepublic of Kiribati
32.6%
LithuaniaRepublic of Lithuania
32.6%
RussiaRussian Federation
32.6%
BahamasCommonwealth of the Bahamas
30.4%
CameroonRepublic of Cameroon
30.4%
Costa RicaRepublic of Costa Rica
30.4%
El SalvadorRepublic of El Salvador
30.4%
EstoniaRepublic of Estonia
30.4%
FinlandRepublic of Finland
30.4%
Guinea-BissauRepublic of Guinea-Bissau
30.4%
KyrgyzstanKyrgyz Republic
30.4%
LesothoKingdom of Lesotho
30.4%
LiberiaRepublic of Liberia
30.4%
MonacoPrincipality of Monaco
30.4%
Bosnia and HerzegovinaBosnia and Herzegovina
28.3%
CyprusRepublic of Cyprus
28.3%
DjiboutiRepublic of Djibouti
28.3%
Equatorial GuineaRepublic of Equatorial Guinea
28.3%
GermanyFederal Republic of Germany
28.3%
GreeceHellenic Republic
28.3%
JamaicaJamaica
28.3%
LuxembourgGrand Duchy of Luxembourg
28.3%
MaltaRepublic of Malta
28.3%
New ZealandNew Zealand
28.3%
PanamaRepublic of Panama
28.3%
ParaguayRepublic of Paraguay
28.3%
PeruRepublic of Peru
28.3%
Ivory CoastRepublic of Côte d'Ivoire
26.1%
JordanHashemite Kingdom of Jordan
26.1%
LebanonRepublic of Lebanon
26.1%
MacedoniaThe Former Yugoslav Republic of Macedonia
26.1%
MoldovaRepublic of Moldova
26.1%
PhilippinesRepublic of the Philippines
26.1%
SerbiaRepublic of Serbia
26.1%
SlovakiaSlovak Republic
26.1%
SloveniaRepublic of Slovenia
26.1%
Cape VerdeRepublic of Cape Verde
23.9%
LiechtensteinPrincipality of Liechtenstein
23.9%
MicronesiaFederated States of Micronesia
23.9%
MoroccoKingdom of Morocco
23.9%
North KoreaDemocratic People's Republic of Korea
23.9%
South AfricaRepublic of South Africa
23.9%
BrazilFederative Republic of Brazil
21.7%
Burkina FasoBurkina Faso
21.7%
GabonGabonese Republic
21.7%
MongoliaMongolia
21.7%
RwandaRepublic of Rwanda
21.7%
SenegalRepublic of Senegal
21.7%
UkraineUkraine
21.7%
BoliviaPlurinational State of Bolivia
19.6%
EgyptArab Republic of Egypt
19.6%
GhanaRepublic of Ghana
19.6%
GrenadaGrenada
19.6%
KuwaitState of Kuwait
19.6%
MadagascarRepublic of Madagascar
19.6%
MaliRepublic of Mali
19.6%
Sierra LeoneRepublic of Sierra Leone
19.6%
ThailandKingdom of Thailand
19.6%
BangladeshPeople's Republic of Bangladesh
17.4%
MalawiRepublic of Malawi
17.4%
Marshall IslandsRepublic of the Marshall Islands
17.4%
MontenegroMontenegro
17.4%
NamibiaRepublic of Namibia
17.4%
NauruRepublic of Nauru
17.4%
Country, Informally Country, Formally % Correct
NicaraguaRepublic of Nicaragua
17.4%
NigerRepublic of Niger
17.4%
SomaliaRepublic of Somalia
17.4%
SwazilandKingdom of Swaziland
17.4%
TongaKingdom of Tonga
17.4%
TurkeyRepublic of Turkey
17.4%
UgandaRepublic of Uganda
17.4%
YemenRepublic of Yemen
17.4%
ZimbabweRepublic of Zimbabwe
17.4%
AlgeriaPeople's Democratic Republic of Algeria
15.2%
CambodiaKingdom of Cambodia
15.2%
MauritiusRepublic of Mauritius
15.2%
MozambiqueRepublic of Mozambique
15.2%
PalauRepublic of Palau
15.2%
QatarState of Qatar
15.2%
SeychellesRepublic of Seychelles
15.2%
SingaporeRepublic of Singapore
15.2%
TajikistanRepublic of Tajikistan
15.2%
TuvaluTuvalu
15.2%
UzbekistanRepublic of Uzbekistan
15.2%
Vatican CityState of the Vatican City
15.2%
VenezuelaBolivarian Republic of Venezuela
15.2%
ZambiaRepublic of Zambia
15.2%
LaosLao People's Democratic Republic
13%
MaldivesRepublic of Maldives
13%
RomaniaRomania
13%
San MarinoMost Serene Republic of San Marino
13%
SwitzerlandSwiss Confederation
13%
TogoTogolese Republic
13%
TunisiaTunisian Republic
13%
VanuatuRepublic of Vanuatu
13%
BurmaUnion of Myanmar
10.9%
DominicaCommonwealth of Dominica
10.9%
EthiopiaFederal Democratic Republic of Ethiopia
10.9%
OmanSultanate of Oman
10.9%
PakistanIslamic Republic of Pakistan
10.9%
SudanRepublic of the Sudan
10.9%
TurkmenistanTurkmenistan
10.9%
UruguayOriental Republic of Uruguay
10.9%
BruneiState of Brunei, Abode of Peace
8.7%
FijiRepublic of the Fiji Islands
8.7%
MauritaniaIslamic Republic of Mauritania
8.7%
NigeriaFederal Republic of Nigeria
8.7%
Solomon IslandsSolomon Islands
8.7%
SurinameRepublic of Suriname
8.7%
Trinidad and TobagoRepublic of Trinidad and Tobago
8.7%
Viet NamSocialist Republic of Viet Nam
8.7%
ComorosUnion of the Comoros
6.5%
EritreaState of Eritrea
6.5%
MalaysiaMalaysia
6.5%
Papua New GuineaIndependent State of Papua New Guinea
6.5%
SamoaIndependent State of Samoa
6.5%
Timor-LesteDemocratic Republic of Timor-Leste
6.5%
GuyanaCo-operative Republic of Guyana
4.3%
SyriaSyrian Arab Republic
4.3%
LibyaGreat Socialist People's Libyan Arab Jamahiriya
2.2%
NepalFederal Democratic Republic of Nepal
2.2%
St. Kitts and NevisFederation of Saint Christopher and Nevis
2.2%
St. LuciaSaint Lucia
2.2%
St. Vincent and the GrenadinesSaint Vincent and the Grenadines
2.2%
São Tomé and PríncipeDemocratic Republic of São Tomé and Príncipe
0%
Sri LankaDemocratic Socialist Republic of Sri Lanka
0%
TanzaniaUnited Republic of Tanzania
0%

You're not logged in!

Compare scores with friends on all Sporcle quizzes.
OR
Log In

From the Vault

Binary Logic Grid

by Susan300

Is this how computers do things? Probably not, but we can believe.
Remove Ads.
Support Sporcle.
Get the best of Sporcle when you Go Orange. This ad-free experience offers more features, more stats, and more fun while also helping to support Sporcle. Thank you for becoming a member.

Show Comments

Extras

Created Feb 16, 2011SourceReportNominate
Tags:Country Quiz, formal

Top Quizzes Today


Score Distribution

Your Account Isn't Verified!

In order to create a playlist on Sporcle, you need to verify the email address you used during registration. Go to your Sporcle Settings to finish the process.

Report this User

Report this user for behavior that violates our Community Guidelines.

Details: